Quizzes
Events
Quiz Creation
Community
Videos
Private Events
Remove Ads
Sign In
Join for FREE
Feedback
Dark Mode
Quiz Categories
Sports
Geography
Music
Movies
Television
Just For Fun
Miscellaneous
History
Literature
Language
Science
Gaming
Entertainment
Religion
Holiday
For Kids
Quiz Lab
Recent
Popular Today
Quiz Kudos Today
Editor Picks
Curator Picks
Quizzes by...
Day
Popularity
Type
Ratings
Length
Year
Community
Subscriptions
Recent Discussions
Orange Saloon
Badges
Playlists
Quests
Create
Leaderboards
Showdown
Live 5
Trivia Bingo
Activity
Puzzle Library
Sporcle Events
Private Events
Virtual Trivia
Globe League
Become a Host
Pub Owners
SporcleCon
Opinionation
Our Games
Videos
Blog
Mobile Apps
Partnerships
Remove Ads and Go Orange
Feedback
Miscellaneous
Crossword
General Knowledge
Baby Names
Logo
Food
Cars
Numbers
Grab Bag
University
College
Popular
Company
Slogans
Restaurants
Justice
Letter
Miscellaneous
Crossword
General Knowledge
Baby Names
Logo
Food
Cars
Numbers
Grab Bag
University
College
Popular
Company
Slogans
Restaurants
Justice
Letter
Random Quiz
Search Sporcle
×
Quiz Lab
Quiz Lab
Miscellaneous
Famous
Type in answers that appear in a list
Type in answers that appear in a list
Classic
Best Score? Go Orange.
Architects of Famous Architectural Works Stats
Can you name the Architects of Famous Architectural Locations?
By
smahoney
15m
45 Questions
230 Plays
230 Plays
230 Plays
Comments
Comments
Give Quiz Kudos
Give Quiz Kudos
-
- Ratings
hide this ad
Forced Order
Answers have to be entered in order
Answers have to be entered in order
Random Order
Randomize order of answers
Randomize order of answers
Replay
Link that replays current quiz
Next Quiz
Link to next quiz in quiz playlist
You Got
0%
They Got
Avg Score
29%
Avg Friend Score
Upgrade to see
Score Distribution
Jump to the score distribution portion of the page
Score
0/45
Timer
15:00
0
Plays Today
Notable Work
Architect
% Correct
Eiffel Tower
Eiffel
64.3%
Villa Savoye
Le Corbusier
63.5%
Guggenheim Museum (domestic)
Wright
63%
Bauhaus
Gropius
62.2%
St. Paul's
Wren
51.3%
University of Virginia
Jefferson
50.9%
La Rotunda
Palladio
45.2%
Towards an Architecture
Le Corbusier
44.8%
Virginia State Capitol
Jefferson
44.3%
Florence Cathedral
Brunelleschi
40.9%
Dom-
ino House
Le Corbusier
39.1%
Barcelona Pavilion
Van Der Rohe
37.4%
Crystal Palace
Paxton
36.5%
Edgar Kaufmann House
Wright
35.7%
Carson Pirie Scott Department Store
Sullivan
32.2%
Tempietto
Bramante
31.3%
I Quattro Libri del Architecttura
Palladio
31.3%
Ward Willits House
Wright
30%
San Carlo alle Quattro Fontane
Borromini
29.1%
Monument to the Third International
Tatlin
28.3%
Schroeder House
Rietveld
25.2%
Laurentian Library
Michaelangelo
23.9%
Trinity Church
Richardson
23.9%
Notable Work
Architect
% Correct
San Giorgio Maggiore
Palladio
23.5%
Campidoglio
Michaelangelo
22.2%
San Lorenzo
Brunelleschi
21.3%
Pennsylvania Station
McKim, Mead, and White
20.9%
Wainwright Building
Adler and Sullivan
20.9%
House of Raphael
Bramante
20.4%
Houses of Parliament
Barry and Pugin
20.4%
Boston Public Library
McKim and Mead and White
20.4%
Chrysler Building
Van Alen
20.4%
De Re Aedificatoria
Alberti
20%
Palazzo Rucellai
Alberti
20%
Guaranty Building
Adler and Sullivan
20%
San Andrea
Alberti
19.1%
Blenheim Palace Grounds
Brown
18.7%
Brooklyn Bridge
Roebling
17.8%
Palazzo de Te
Romano
17.4%
Palazzo Medici
Bartolomeo
17%
East Facade of the Louvre
Le Vau and Lebrun and Perrault
15.2%
Blenheim Palace
Vanbrugh and Hawksmoor
15.2%
Il Gesu
Vignola and della Porta
13.9%
Versailles Gardens and Chateau
Le Vau and Mansart and Le Notre
13.5%
Coalbrookdale Bridge
Darby and Pritchard
12.2%
Quiz Playlist
Details
Report
Send in Message
Add To Playlist
Classic:
Type in answers that appear in a list
Forced Order:
Answers have to be entered in order
Random Order:
Randomize order of answers
Last Updated: Feb 16, 2017
Quiz Scoreboard
CHALLENGE
Sign Up to Join the Scoreboard
Show All
Scores
Hide
Comments
May contain spoilers
Recently Published
9x9 Crossword: Cartoon Network
by jackfrog10
Miscellaneous
3m
College Basketball Coaching Resumes
by pancakes188
Sports
9m
Billboard Blitz: Fleetwood Mac
by CooCooCachoo
Music
15s
More to Explore
Quiz From the Vault
Featured Blog Post
Where Did the Easter Bunny Come From?
hide this ad
You Might Also Like...
Tags
Famous Quiz
architect
architecture
location
Notable
Today's Top Quizzes in Miscellaneous
Browse Miscellaneous
hide this ad
Today's Top Quizzes in Famous
Browse Famous
Top Contributed Quizzes in Miscellaneous
1
5-to-1: Fast Food
2
The JOE quick-fire general knowledge quiz: Day 174
3
The JOE quick-fire general knowledge quiz: Day 173
4
5-to-1: Cocktails
5
The JOE quick-fire general knowledge quiz: Day 172
6
Sunday Crossword: Famous Bodies of Water
7
The JOE quick-fire general knowledge quiz: Day 171
8
Named After an Animal - Odd One Out!
9
One Thing in Common: United Kingdom II
10
The JOE quick-fire quiz: Day 170
Explore More
Trending Topics
Anime
NBA
Crossword
Disney
Kpop
Marvel
Harry Potter
Pokémon
The Office
Country
WWE
Song
Soccer
Puzzle
NFL
hide this ad
More By:
smahoney
Quiz
Plays
Rating
Category
Featured
Created
Famous Architectural Locations
265
2.17
Geography
May 1, 2011
Architects of Famous Architectural Works
230
2.00
Miscellaneous
May 1, 2011
Go to Creator's Profile
Score Distribution
Quiz Creator Spotlight
smahoney
Follow
Send a Message
Quizzes Created
-
Created Quiz Play Count
-
More By This Creator
Popular Quizzes Today
1
Find the US States - No Outlines Minefield
2
Find the Countries of Europe - No Outlines Minefield
3
The Countries of the World
4
Find the US States
5
Risky Map Clicking: Biggest States A-Z
6
US States
7
Popular People in 1961
8
Movies - When Are They Set?
More Miscellaneous Quizzes
Intersecting Trivia: General Knowledge
Published
Trending Quizzes
Risky Map Clicking: Least Populous States A-Z
1-10 Letter G Words
1-10 Letter F Words
Risky Map Clicking: Next State Alphabetically
Adjectives in 80s TV Shows
Recently Updated
Leaping Animals
pecheneg
Reality TV Shows (A-Z)
bhenderson79
Rickey Henderson's Hall of Fame Teammates
pecheneg
Champions League XIs: Arsenal
pecheneg
Quick Pick: Celebrities in WWE's Hall of Fame
aduchscher
A-Z Keypad Blitz II
pecheneg
Multiple Oscar Actors
pecheneg
Mystery Phrase Blitz: Oscar 'Best Actors'
pecheneg
F. Scott Fitzgerald Novels
LTH
Pick 3 Villains
ddd62291
Trending Topics
Disney
Harry Potter
Crossword
Anime
Kpop
NBA
Marvel
Puzzle
NFL
Pokémon
Song
The Office
WWE
Country
Soccer
Your Account Isn't Verified!
In order to create a playlist on Sporcle, you need to verify the email address you used during registration. Go to your
Sporcle Settings
to finish the process.
Report this User
Report this user for behavior that violates our
Community Guidelines
.
Details:
Send Report
Go to the Sporcle.com Mobile Site →
Comments